<?xml version="1.0" encoding="UTF-8"?><?xml-stylesheet type="text/xsl" href="static/style.xsl"?><OAI-PMH xmlns="http://www.openarchives.org/OAI/2.0/" xmlns:xsi="http://www.w3.org/2001/XMLSchema-instance" xsi:schemaLocation="http://www.openarchives.org/OAI/2.0/ http://www.openarchives.org/OAI/2.0/OAI-PMH.xsd"><responseDate>2026-04-14T04:23:04Z</responseDate><request verb="GetRecord" identifier="oai:www.recercat.cat:10459.1/62322" metadataPrefix="marc">https://recercat.cat/oai/request</request><GetRecord><record><header><identifier>oai:recercat.cat:10459.1/62322</identifier><datestamp>2024-12-05T22:23:23Z</datestamp><setSpec>com_2072_3622</setSpec><setSpec>col_2072_479130</setSpec></header><metadata><record xmlns="http://www.loc.gov/MARC21/slim" xmlns:dcterms="http://purl.org/dc/terms/" xmlns:xsi="http://www.w3.org/2001/XMLSchema-instance" xmlns:doc="http://www.lyncode.com/xoai" xsi:schemaLocation="http://www.loc.gov/MARC21/slim http://www.loc.gov/standards/marcxml/schema/MARC21slim.xsd">
   <leader>00925njm 22002777a 4500</leader>
   <datafield ind2=" " ind1=" " tag="042">
      <subfield code="a">dc</subfield>
   </datafield>
   <datafield ind2=" " ind1=" " tag="720">
      <subfield code="a">Garrido, Pilar</subfield>
      <subfield code="e">author</subfield>
   </datafield>
   <datafield ind2=" " ind1=" " tag="720">
      <subfield code="a">Aldaz, Azucena</subfield>
      <subfield code="e">author</subfield>
   </datafield>
   <datafield ind2=" " ind1=" " tag="720">
      <subfield code="a">Calleja, Miguel Ángel</subfield>
      <subfield code="e">author</subfield>
   </datafield>
   <datafield ind2=" " ind1=" " tag="720">
      <subfield code="a">Álava, Enrique de</subfield>
      <subfield code="e">author</subfield>
   </datafield>
   <datafield ind2=" " ind1=" " tag="720">
      <subfield code="a">Lamas, María Jesús</subfield>
      <subfield code="e">author</subfield>
   </datafield>
   <datafield ind2=" " ind1=" " tag="720">
      <subfield code="a">Martín, Miguel</subfield>
      <subfield code="e">author</subfield>
   </datafield>
   <datafield ind2=" " ind1=" " tag="720">
      <subfield code="a">Matias-Guiu, Xavier</subfield>
      <subfield code="e">author</subfield>
   </datafield>
   <datafield ind2=" " ind1=" " tag="720">
      <subfield code="a">Palacios, José</subfield>
      <subfield code="e">author</subfield>
   </datafield>
   <datafield ind2=" " ind1=" " tag="720">
      <subfield code="a">Vera, Ruth</subfield>
      <subfield code="e">author</subfield>
   </datafield>
   <datafield ind2=" " ind1=" " tag="260">
      <subfield code="c">2018-01-10T10:44:11Z</subfield>
   </datafield>
   <datafield ind2=" " ind1=" " tag="260">
      <subfield code="c">2018-01-10T10:44:11Z</subfield>
   </datafield>
   <datafield ind2=" " ind1=" " tag="260">
      <subfield code="c">2017</subfield>
   </datafield>
   <datafield ind2=" " ind1=" " tag="520">
      <subfield code="a">Precision medicine is an emerging approach for disease treatment&#xd;
and prevention that takes into account individual variability in genes,&#xd;
environment, and lifestyle for each person. Precision medicine is&#xd;
transforming clinical and biomedical research, as well as health care&#xd;
itself from a conceptual, as well as a methodological viewpoint,&#xd;
providing extraordinary opportunities to improve public health and lower&#xd;
the costs of the healthcare system. However, the implementation of&#xd;
precision medicine poses ethical-legal, regulatory, organizational and&#xd;
knowledge-related challenges. Without a national strategy, precision&#xd;
medicine, which will be implemented one way or another, could take&#xd;
place without the appropriate planning that can guarantee technical&#xd;
quality, equal access of all citizens to the best practices, violating the&#xd;
rights of patients and professionals and jeopardizing the solvency of the&#xd;
healthcare system. With this paper from the Spanish Societies of Medical&#xd;
Oncology (SEOM), Pathology (SEAP), and Hospital Pharmacy (SEFH)&#xd;
we highlight the need to institute a consensual national strategy for the&#xd;
development of precision medicine in our country, review the national&#xd;
and international context, comment on the opportunities and challenges&#xd;
for implementing precision medicine, and outline the objectives of a&#xd;
national strategy on precision medicine in cancer.</subfield>
   </datafield>
   <datafield ind2=" " ind1=" " tag="520">
      <subfield code="a">La medicina de precisión es un enfoque emergente para el tratamiento y prevención&#xd;
de las enfermedades que tiene en cuenta la variabilidad individual&#xd;
en los genes, el medio ambiente y el estilo de vida de cada persona. La medicina&#xd;
de precisión está transformando la investigación clínica y biomédica&#xd;
así como la asistencia sanitaria, tanto desde un punto de vista conceptual&#xd;
como metodológico, ofertando oportunidades extraordinarias para mejorar&#xd;
la salud pública y reducir los costes del sistema sanitario. Sin embargo, la implementación&#xd;
de la medicina de precisión supone un reto a nivel ético-legal,&#xd;
regulatorio, organizativo y de conocimiento. Sin una estrategia nacional, la&#xd;
medicina de precisión, que se implantará en cualquier caso, lo podría hacer&#xd;
sin la adecuada planificación que permita garantizar la calidad técnica, la&#xd;
equidad de los ciudadanos en el acceso a las mejores prácticas, vulnerando&#xd;
los derechos de pacientes y profesionales y arriesgando la solvencia del sistema&#xd;
de salud. Con este artículo de las sociedades españolas de Oncología&#xd;
Médica (SEOM), Anatomía Patológica (SEAP) y Farmacia Hospitalaria (SEFH)&#xd;
señalamos la necesidad de establecer una estrategia nacional consensuada&#xd;
para el desarrollo de la medicina de precisión en nuestro país, revisamos el&#xd;
contexto nacional e internacional, comentamos las oportunidades y los retos&#xd;
para la implementación de la medicina de precisión, y delineamos los objetivos&#xd;
de una estrategia nacional sobre medicina de precisión en el cáncer.</subfield>
   </datafield>
   <datafield ind1="8" ind2=" " tag="024">
      <subfield code="a">http://hdl.handle.net/10459.1/62322</subfield>
   </datafield>
   <datafield tag="653" ind2=" " ind1=" ">
      <subfield code="a">Precision medicine</subfield>
   </datafield>
   <datafield tag="653" ind2=" " ind1=" ">
      <subfield code="a">Oncology</subfield>
   </datafield>
   <datafield tag="653" ind2=" " ind1=" ">
      <subfield code="a">Consensus</subfield>
   </datafield>
   <datafield ind2="0" ind1="0" tag="245">
      <subfield code="a">Proposal for the creation of a national strategy for precision medicine in cancer: a position statement of SEOM, SEAP and SEFH</subfield>
   </datafield>
   <datafield ind2="0" ind1="0" tag="245">
      <subfield code="a">Propuesta para la creación de una estrategia nacional sobre medicina de precisión en cáncer: posicionamiento de la SEOM, SEAP y SEFH</subfield>
   </datafield>
</record></metadata></record></GetRecord></OAI-PMH>